|
|
|
|
| LEADER |
00788nam a22002412a 4500 |
| 001 |
001399438 |
| 003 |
CZ BrMZK |
| 005 |
20140724134920.0 |
| 007 |
ta |
| 008 |
140701s1960 gw er|||||||||||ger d |
| 040 |
|
|
|a BOA001
|b cze
|
| 100 |
1 |
|
|a Fischer, Jan Otokar,
|d 1923-1992
|7 jk01031265
|4 aut
|
| 245 |
1 |
0 |
|a Pierre-Jean de Béranger :
|b Werk und Wirkung /
|c Jan Otokar Fischer
|
| 250 |
|
|
|a 1. Aufl.
|
| 260 |
|
|
|a Berlin :
|b Rütten & Loening,
|c 1960
|
| 300 |
|
|
|a 327 s.
|
| 490 |
1 |
|
|a Neue Beiträge zur Literaturwissenschaft ;
|v Bd. 11
|
| 504 |
|
|
|a Obsahuje bibliografii
|
| 830 |
|
0 |
|a Neue Beiträge zur Literaturwissenschaft
|
| 910 |
|
|
|a BOA001
|b 2-0455.842
|
| 990 |
|
|
|a BK
|
| 991 |
|
|
|b 201407
|
| 996 |
7 |
|
|b 2619082807
|c 2-0455.842
|l MZK
|r Sklad / do 24 hodin
|n 0
|w 001434475
|u 000010
|a 1
|e BOA001
|j MZK50
|s A
|